Normal view MARC view
  • Baudin, Maurice,

Entry Personal Name

Number of records used in: 1

001 - CONTROL NUMBER

  • control field: 153610

003 - CONTROL NUMBER IDENTIFIER

  • control field: DLC

005 - DATE AND TIME OF LATEST TRANSACTION

  • control field: 20260413152743.0

008 - FIXED-LENGTH DATA ELEMENTS

  • fixed length control field: 091019n| azannaabn |a aaa c

010 ## - LIBRARY OF CONGRESS CONTROL NUMBER

  • LC control number: no2009167269

035 ## - SYSTEM CONTROL NUMBER

  • System control number: (OCoLC)oca08276789

040 ## - CATALOGING SOURCE

  • Original cataloging agency: MsCleD
  • Language of cataloging: eng
  • Description conventions: rda
  • Transcribing agency: MsCleD
  • Modifying agency: DLC

046 ## - SPECIAL CODED DATES

  • Birth date: 1892

100 1# - HEADING--PERSONAL NAME

  • Personal name: Baudin, Maurice,
  • Dates associated with a name: 1892-

400 1# - SEE FROM TRACING--PERSONAL NAME

  • Control subfield: nnea
  • Personal name: Baudin, Maurice,
  • Dates associated with a name: b. 1892

670 ## - SOURCE DATA FOUND

  • Source citation: Essays for study, 1960:
  • Information found: t.p. (Maurice Baudin, Jr.)

670 ## - SOURCE DATA FOUND

  • Source citation: OCLC, Oct. 19, 2009
  • Information found: (hdg.: Baudin, Maurice; Baudin, Maurice, 1892-; Baudin, Maurice, b. 1892; Baudin, Maurice Camille; Baudin, Maurice Camille, 1892-; usage: Maurice Baudin, Jr.; Maurice Baudin)
Devinim Yazılım Eğitim Danışmanlık tarafından Koha'nın orjinal sürümü uyarlanarak geliştirilip kurulmuştur.